[Event "Cappelle op 15th"]
[Site "Cappelle la Grande"]
[Date "1999.??.??"]
[Round "9"]
[White "Kharlov, Andrei"]
[Black "Grigore, George Gabriel"]
[Result "1-0"]
[WhiteElo "2600"]
[BlackElo "2526"]
[PlyCount "119"]
[EventDate "1999.02.13"]
[EventType "swiss"]
[EventRounds "9"]
[EventCountry "FRA"]
[SourceTitle "EXT 2000"]
[Source "ChessBase"]
[SourceDate "1999.11.16"]
[SourceVersion "1"]
[SourceVersionDate "1999.11.16"]
[SourceQuality "1"]

1. d4 Nf6 2. c4 g6 3. Nc3 Bg7 4. e4 d6 5. h3 O-O 6. Be3 Nbd7 7. Nf3 e5 8. d5
Nc5 9. Nd2 a5 10. g4 Bd7 11. Be2 c6 12. g5 Ne8 13. h4 f5 14. gxf6 Nxf6 15. h5
gxh5 16. f3 a4 17. Bxc5 dxc5 18. Nxa4 Qa5 19. Nc3 Rad8 20. Nb3 Qa7 21. Qd2 b6
22. Qg5 Be8 23. dxc6 Qe7 24. Nd2 Bxc6 25. Nf1 Qf7 26. Nd5 Bxd5 27. cxd5 Kh8 28.
Ne3 Qg6 29. Qxg6 hxg6 30. Nc4 Nd7 31. a4 Ra8 32. Ra3 Ra7 33. Bf1 Rfa8 34. Bh3
Rb8 35. Ke2 Bf6 36. Rha1 Nf8 37. Kd3 Kg7 38. f4 exf4 39. e5 Bd8 40. Ke4 g5 41.
Bf5 Bf6 42. d6 Re8 43. Kd5 g4 44. Rh1 Bxe5 45. Rxh5 Bxd6 46. Nxd6 Re3 47. Rxe3
fxe3 48. Rg5+ Kf6 49. Ne4+ Kf7 50. Rxg4 e2 51. Rg1 Rxa4 52. Re1 Ng6 53. Bxg6+
Kxg6 54. Rxe2 Kf5 55. Rf2+ Kg4 56. Nc3 Rb4 57. Kc6 Kg3 58. Rc2 Kf3 59. Nd5 Rb3
60. Rc3+ 1-0

[Event "Novgorod op"]
[Site "Novgorod"]
[Date "1999.03.19"]
[Round "1"]
[White "Kharlov, Andrei"]
[Black "Chepukaitis, Genrikh"]
[Result "1-0"]
[WhiteElo "2600"]
[BlackElo "2415"]
[PlyCount "52"]
[EventDate "1999.03.19"]
[EventType "swiss"]
[EventRounds "10"]
[EventCountry "RUS"]
[SourceTitle "CBM 069 ext"]
[Source "ChessBase"]
[SourceDate "1999.05.10"]
[SourceVersion "1"]
[SourceVersionDate "1999.05.10"]
[SourceQuality "1"]

1. e4 g6 2. d4 Bg7 3. Nc3 d6 4. Be3 a6 5. a4 b6 6. h3 Nd7 7. f4 e6 8. Nf3 Ne7
9. Bd3 f5 10. e5 Bb7 11. O-O h6 12. Qe2 Bxf3 13. Rxf3 Qc8 14. exd6 cxd6 15. Bf2
e5 16. dxe5 dxe5 17. Rd1 Kf8 18. Bc4 e4 19. Nxe4 fxe4 20. Qxe4 Nc5 21. Qe2 Qc6
22. Re3 Re8 23. Re1 Qc7 24. c3 Rh7 25. Ba2 Bf6 26. Qc4 b5 1-0

[Event "Novgorod op"]
[Site "Novgorod"]
[Date "1999.03.24"]
[Round "6"]
[White "Kobalia, Mikhail"]
[Black "Kharlov, Andrei"]
[Result "1/2-1/2"]
[WhiteElo "2537"]
[BlackElo "2600"]
[PlyCount "174"]
[EventDate "1999.03.19"]
[EventType "swiss"]
[EventRounds "10"]
[EventCountry "RUS"]
[SourceTitle "CBM 069 ext"]
[Source "ChessBase"]
[SourceDate "1999.05.10"]
[SourceVersion "1"]
[SourceVersionDate "1999.05.10"]
[SourceQuality "1"]

1. e4 c5 2. Nf3 Nc6 3. d4 cxd4 4. Nxd4 Nf6 5. Nc3 e5 6. Ndb5 d6 7. Bg5 a6 8.
Na3 b5 9. Bxf6 gxf6 10. Nd5 f5 11. Bd3 Be6 12. O-O Bg7 13. Qh5 f4 14. c4 bxc4
15. Bxc4 O-O 16. Nc2 Kh8 17. Qe2 Rb8 18. b3 f5 19. f3 fxe4 20. fxe4 Qg5 21. Qd2
Qg6 22. Qd3 Bh6 23. Ne1 Bxd5 24. Qxd5 Nb4 25. Qd1 Qxe4 26. Qxd6 Qe3+ 27. Kh1
Rb6 28. Qd1 e4 29. Nc2 Qc5 30. Qd4+ Qxd4 31. Nxd4 Rd6 32. Ne6 Rf6 33. Nc5 Rd4
34. Rad1 Rfd6 35. Rxd4 Rxd4 36. Ne6 Rd2 37. Nxf4 Nc2 38. g3 a5 39. a4 Nd4 40.
Re1 Nf3 41. Re2 Bxf4 42. gxf4 e3 43. Rxd2 exd2 44. Be2 Ne1 45. Kg1 Nd3 46. Kf1
Nb2 47. Kf2 Kg7 48. Ke3 d1=Q 49. Bxd1 Nxd1+ 50. Kd4 h5 51. Kc4 Ne3+ 52. Kb5 h4
53. Kxa5 Ng4 54. Kb6 Nxh2 55. a5 Nf3 56. a6 h3 57. a7 h2 58. a8=Q h1=Q 59. Qe4
Qg1+ 60. Kb5 Qf1+ 61. Kb6 Qg1+ 62. Kb7 Qd1 63. Qe7+ Kg6 64. Qe6+ Kh5 65. b4 Qa4
66. Qf5+ Kh4 67. b5 Nd4 68. Qg5+ Kh3 69. Kb6 Qc4 70. Qc5 Qe6+ 71. Kc7 Qf7+ 72.
Kb8 Qxf4+ 73. Qc7 Qe4 74. Qd7+ Kh4 75. b6 Nc6+ 76. Kc8 Ne5 77. Qe7+ Kg3 78. Qe6
Qc2+ 79. Kd8 Qd3+ 80. Kc7 Qc3+ 81. Kd6 Qd4+ 82. Ke7 Qe4 83. Qb3+ Kf4 84. b7
Qh7+ 85. Kd6 Qd7+ 86. Kc5 Qc7+ 87. Kd4 Nf3+ 1/2-1/2

[Event "Novgorod op"]
[Site "Novgorod"]
[Date "1999.03.25"]
[Round "7"]
[White "Kharlov, Andrei"]
[Black "Zakharevich, Igor"]
[Result "1-0"]
[WhiteElo "2600"]
[BlackElo "2532"]
[PlyCount "119"]
[EventDate "1999.03.19"]
[EventType "swiss"]
[EventRounds "10"]
[EventCountry "RUS"]
[SourceTitle "CBM 069 ext"]
[Source "ChessBase"]
[SourceDate "1999.05.10"]
[SourceVersion "1"]
[SourceVersionDate "1999.05.10"]
[SourceQuality "1"]

1. e4 e6 2. d4 d5 3. Nc3 dxe4 4. Nxe4 Nd7 5. Nf3 Ngf6 6. Bd3 Nxe4 7. Bxe4 Nf6
8. Bg5 Qd6 9. Bxf6 gxf6 10. c3 Bd7 11. Nd2 Bc6 12. Qf3 Be7 13. Nc4 Qd7 14. Bxc6
Qxc6 15. Qxc6+ bxc6 16. b4 Rg8 17. g3 h5 18. Rb1 h4 19. Rb3 Kd7 20. Ra3 a6 21.
Ke2 Bd6 22. Ra5 Rg5 23. Rxg5 fxg5 24. gxh4 gxh4 25. Rg1 h3 26. Rg7 Ke7 27. Rh7
Bxh2 28. Rxh3 Bd6 29. Rh7 Rf8 30. Ke3 Kd7 31. Ke4 Ke7 32. Na5 Kd7 33. a3 Be7
34. Ke5 Bg5 35. Ke4 Be7 36. Kd3 Bd6 37. Kc4 Be7 38. Rh3 Rg8 39. Rf3 f6 40. Kb3
Rg2 41. Nc4 Rh2 42. Ka4 Rh5 43. Ne3 e5 44. dxe5 Rxe5 45. Ng4 Re6 46. Rd3+ Kc8
47. Re3 Rxe3 48. Nxe3 Bd6 49. Nc4 Bh2 50. f3 Bf4 51. Na5 Bd2 52. c4 Kd7 53. Nb3
Be3 54. Ka5 Ke6 55. Kxa6 Kf5 56. Kb7 Kf4 57. a4 Kxf3 58. a5 f5 59. a6 f4 60. c5
1-0

[Event "Metz op 17th"]
[Site "Metz"]
[Date "1999.04.19"]
[Round "3"]
[White "Kharlov, Andrei"]
[Black "Sarthou, Gaetan"]
[Result "1/2-1/2"]
[WhiteElo "2600"]
[BlackElo "2326"]
[PlyCount "101"]
[EventDate "1999.04.17"]
[EventType "swiss"]
[EventRounds "9"]
[EventCountry "FRA"]
[SourceTitle "EXT 2000"]
[Source "ChessBase"]
[SourceDate "1999.11.16"]
[SourceVersion "1"]
[SourceVersionDate "1999.11.16"]
[SourceQuality "1"]

1. c4 Nf6 2. Nc3 g6 3. e4 e5 4. g3 Nc6 5. Bg2 h5 6. Nf3 Bc5 7. Nxe5 h4 8. Nd3
d6 9. Nxc5 dxc5 10. d3 Ng4 11. h3 hxg3 12. fxg3 Qd6 13. Bf4 Nge5 14. Nd5 Nd4
15. b4 b6 16. bxc5 bxc5 17. Kf2 c6 18. Nc3 Qf6 19. Kg1 g5 20. Bxe5 Qxe5 21. Qd2
Qxg3 22. Rf1 Rxh3 23. Qf2 Rxh1+ 24. Kxh1 Qxf2 25. Rxf2 Bg4 26. e5 Ke7 27. Ne4
Rh8+ 28. Kg1 Rb8 29. Kh2 Ne2 30. Nxg5 Rh8+ 31. Nh3 Bxh3 32. Bxh3 Ng1 33. Kxg1
Rxh3 34. Rf6 Rxd3 35. Rxc6 Ra3 36. Kf2 Kd7 37. Rxc5 Ke6 38. Ke2 Kf5 39. Kd2 Ke4
40. Kc2 Kd4 41. Rc7 Kxe5 42. Kb2 Rf3 43. Rxa7 Kd4 44. Rc7 Rf6 45. a4 Rb6+ 46.
Ka3 Kc3 47. Rxf7 Rb3+ 48. Ka2 Rb2+ 49. Ka1 Rb4 50. Rf3+ Kxc4 51. Rf4+ 1/2-1/2

[Event "Metz op 17th"]
[Site "Metz"]
[Date "1999.04.21"]
[Round "5"]
[White "Kharlov, Andrei"]
[Black "Relange, Eloi"]
[Result "1-0"]
[WhiteElo "2600"]
[BlackElo "2478"]
[PlyCount "73"]
[EventDate "1999.04.17"]
[EventType "swiss"]
[EventRounds "9"]
[EventCountry "FRA"]
[SourceTitle "EXT 2000"]
[Source "ChessBase"]
[SourceDate "1999.11.16"]
[SourceVersion "1"]
[SourceVersionDate "1999.11.16"]
[SourceQuality "1"]

1. d4 Nf6 2. c4 g6 3. Nc3 Bg7 4. e4 d6 5. h3 O-O 6. Be3 e5 7. d5 a5 8. Bd3 Na6
9. Nge2 c6 10. g4 Nc5 11. Bc2 Bd7 12. Ng3 cxd5 13. exd5 a4 14. Bxc5 dxc5 15.
Bxa4 Bxa4 16. Nxa4 e4 17. O-O Nd7 18. Nxe4 Qh4 19. Naxc5 Nxc5 20. Nxc5 Qxh3 21.
Nd3 b5 22. cxb5 Rfe8 23. Nf4 Qh6 24. Qf3 Ra4 25. Nh3 Ree4 26. Rfe1 Rxg4+ 27.
Kf1 Bf8 28. Rad1 Rh4 29. Rd3 Rad4 30. Rxd4 Rxd4 31. Re8 Qd2 32. b6 Qxb2 33. Qb3
Qc1+ 34. Re1 Qc8 35. b7 Qb8 36. Rc1 Kg7 37. Qb2 1-0

[Event "Metz op 17th"]
[Site "Metz"]
[Date "1999.04.22"]
[Round "6"]
[White "Degraeve, Jean Marc"]
[Black "Kharlov, Andrei"]
[Result "1-0"]
[WhiteElo "2536"]
[BlackElo "2600"]
[PlyCount "153"]
[EventDate "1999.04.17"]
[EventType "swiss"]
[EventRounds "9"]
[EventCountry "FRA"]
[SourceTitle "EXT 2000"]
[Source "ChessBase"]
[SourceDate "1999.11.16"]
[SourceVersion "1"]
[SourceVersionDate "1999.11.16"]
[SourceQuality "1"]

1. e4 c5 2. Nf3 Nc6 3. Bb5 d6 4. O-O Bd7 5. Re1 a6 6. Bxc6 Bxc6 7. d4 cxd4 8.
Nxd4 Rc8 9. Nc3 e6 10. Nxc6 Rxc6 11. Qg4 Nf6 12. Qg3 Nh5 13. Qf3 Nf6 14. Nd5
Be7 15. Nxe7 Qxe7 16. c3 Nd7 17. Qg3 O-O 18. Bh6 f6 19. Rad1 Nc5 20. f3 Na4 21.
Rd2 e5 22. Be3 Qe6 23. c4 Nc5 24. Bxc5 Rxc5 25. b3 Rc6 26. Rd5 f5 27. exf5 Qxf5
28. Qf2 Qg6 29. Qa7 Qf7 30. Red1 Qc7 31. Qe3 Rf6 32. g3 h6 33. Qe4 Kh8 34. Kg2
Kg8 35. R1d2 Qb6 36. c5 Rxc5 37. Rxc5 Qxc5 38. Qxb7 Qc3 39. Qd5+ Kh8 40. Qa8+
Kh7 41. Qe4+ Kg8 42. Rc2 Qd4 43. Qxd4 exd4 44. Rd2 d5 45. Rxd4 Rc6 46. Ra4 d4
47. Rc4 Rd6 48. Rc2 g5 49. f4 gxf4 50. gxf4 d3 51. Rd2 Kf7 52. Kf3 Kf6 53. Ke4
Re6+ 54. Kxd3 Kf5 55. Rf2 h5 56. b4 Re4 57. a3 h4 58. Rf1 Re8 59. a4 Re4 60.
Rb1 Rxf4 61. b5 axb5 62. axb5 Ke6 63. b6 Rf8 64. b7 Rb8 65. Ke4 Kd6 66. Kf4 Kc7
67. Kg4 Rg8+ 68. Kxh4 Kb8 69. Rb5 Rg7 70. h3 Rh7+ 71. Kg4 Rg7+ 72. Kf5 Rh7 73.
Rb3 Rh8 74. Kg6 Rg8+ 75. Kh7 Rd8 76. h4 Rd5 77. Rb4 1-0

[Event "Metz op 17th"]
[Site "Metz"]
[Date "1999.04.23"]
[Round "7"]
[White "Kharlov, Andrei"]
[Black "Upton, Timothy J"]
[Result "1-0"]
[WhiteElo "2600"]
[BlackElo "2303"]
[PlyCount "89"]
[EventDate "1999.04.17"]
[EventType "swiss"]
[EventRounds "9"]
[EventCountry "FRA"]
[SourceTitle "EXT 2000"]
[Source "ChessBase"]
[SourceDate "1999.11.16"]
[SourceVersion "1"]
[SourceVersionDate "1999.11.16"]
[SourceQuality "1"]

1. d4 d5 2. c4 e6 3. Nc3 Be7 4. cxd5 exd5 5. Bf4 c6 6. e3 Bf5 7. g4 Be6 8. Bg2
Nf6 9. h3 O-O 10. Nge2 Na6 11. Bg3 c5 12. O-O cxd4 13. exd4 Qb6 14. f4 Rad8 15.
f5 Bc8 16. Qb3 Qxb3 17. axb3 Rfe8 18. Nf4 Bd6 19. Bh4 Bxf4 20. Rxf4 Rd6 21.
Bxf6 gxf6 22. Nxd5 Bd7 23. Nc3 Bc6 24. d5 Bd7 25. Bf1 Rb6 26. Bc4 Nc5 27. Rxa7
Nxb3 28. Bxb3 Rxb3 29. Re4 Rd8 30. Ra2 h5 31. Kf2 hxg4 32. hxg4 Kg7 33. Ke3 Rh8
34. Re7 Rd8 35. Kf4 Kf8 36. Re4 Rc8 37. Ke3 Re8 38. Rxe8+ Kxe8 39. Kd4 Ke7 40.
Kc4 Rb6 41. b4 Kd6 42. b5 Be8 43. Re2 Bd7 44. Re1 Kc7 45. Re7 1-0

[Event "Metz op 17th"]
[Site "Metz"]
[Date "1999.04.24"]
[Round "8"]
[White "Kharlov, Andrei"]
[Black "Agrest, Evgenij"]
[Result "1/2-1/2"]
[WhiteElo "2600"]
[BlackElo "2533"]
[PlyCount "139"]
[EventDate "1999.04.17"]
[EventType "swiss"]
[EventRounds "9"]
[EventCountry "FRA"]
[SourceTitle "EXT 2000"]
[Source "ChessBase"]
[SourceDate "1999.11.16"]
[SourceVersion "1"]
[SourceVersionDate "1999.11.16"]
[SourceQuality "1"]

1. e4 d6 2. d4 Nf6 3. Nc3 g6 4. Be3 c6 5. h3 Nbd7 6. Nf3 Qc7 7. a4 Bg7 8. Be2
O-O 9. Nd2 b6 10. f4 e5 11. dxe5 dxe5 12. f5 gxf5 13. exf5 Nd5 14. Nc4 N7f6 15.
O-O b5 16. axb5 Nxe3 17. Nxe3 Qb6 18. Rf3 cxb5 19. Kh1 Bb7 20. Ncd5 Qd4 21.
Nxf6+ Bxf6 22. Ng4 Bh4 23. Qxd4 exd4 24. Rf4 Kh8 25. Rxd4 a6 26. Bf3 Bxf3 27.
gxf3 Rad8 28. Rxd8 Rxd8 29. f4 Kg7 30. Rxa6 Rd1+ 31. Kg2 Rd2+ 32. Kf3 Rxc2 33.
Rh6 Bd8 34. f6+ Kg8 35. Rh5 Rxb2 36. Rd5 Rb3+ 37. Ke4 Rb4+ 38. Kf5 Bc7 39. Rd7
Rxf4+ 40. Kg5 Rc4 41. Nh6+ Kf8 42. Rxf7+ Ke8 43. Re7+ Kd8 44. Rxh7 b4 45. Rh8+
Kd7 46. f7 Bf4+ 47. Kg6 Rc6+ 48. Kg7 Be5+ 49. Kh7 Bd6 50. Nf5 Bc5 51. f8=Q Bxf8
52. Rxf8 Rb6 53. Rf7+ Kd8 54. Nd4 b3 55. Rf1 b2 56. Rb1 Kd7 57. Kg7 Kd6 58. Ne2
Ke5 59. Nc3 Rb3 60. Nd1 Rxh3 61. Rxb2 Rh1 62. Nf2 Rg1+ 63. Kf7 Rf1 64. Ke7 Kd5
65. Rd2+ Kc4 66. Kd6 Ra1 67. Nd1 Ra8 68. Ne3+ Kc3 69. Rf2 Rd8+ 70. Ke5 1/2-1/2

[Event "RUS-Cup final"]
[Site "Ekaterinburg"]
[Date "1999.??.??"]
[Round "1"]
[White "Yevseev, Denis"]
[Black "Kharlov, Andrei"]
[Result "1/2-1/2"]
[WhiteElo "2503"]
[BlackElo "2600"]
[Annotator "Huzman"]
[PlyCount "85"]
[EventDate "1999.08.28"]
[EventType "tourn"]
[EventRounds "11"]
[EventCountry "RUS"]
[EventCategory "11"]
[SourceTitle "CBM 075"]
[Source "ChessBase"]
[SourceDate "2000.04.05"]
[SourceVersion "1"]
[SourceVersionDate "2000.04.05"]
[SourceQuality "1"]

1. d4 d5 2. c4 dxc4 3. e3 Nf6 4. Bxc4 e6 5. Nf3 c5 6. O-O a6 7. Bb3 cxd4 8.
exd4 Be7 9. Nc3 Nc6 10. Re1 O-O 11. a3 Na5 12. Bc2 b5 13. d5 Nxd5 14. Nxd5 exd5
15. Re5 (15. Qd3 $5 g6 16. Bh6 Re8 (16... Bf5 17. Bxf8 $1) 17. Qc3 f6 18. Nd4
$36) 15... d4 $1 (15... Be6 16. Ng5 (16. Nd4 $5 $36) 16... Bxg5 17. Bxg5 Qc7
18. Qd3 g6 19. Bf6 $44) (15... Bb7 16. Qd3 g6 17. Bh6 Re8 18. Rae1 $44) 16. Qd3
(16. Nxd4 $2 Bf6 17. Qd3 g6 18. Re4 Bb7 $17) 16... g6 17. Bh6 Nc6 (17... Re8 $1
18. Rae1 (18. Qxd4 Qxd4 (18... Nc6 19. Qxd8 Rxd8 20. Re2 Be6 $11) 19. Nxd4 Nc4
20. Re2 Bg4 21. Re4 Bd7 $15) (18. Nxd4 Nc4 19. Re2 Bg4 20. Re4 Bf6 $1 21. Rae1
(21. Rxg4 $140 Ne5 $19) 21... Rxe4 22. Qxe4 (22. Rxe4 Nxb2 $17) 22... Bxd4 23.
Qxg4 Bxb2 $17) 18... Nc6 19. R5e2 Bf5 20. Qd2 Bxc2 21. Qxc2 Qd7 $17) 18. Rxe7
Nxe7 (18... Qxe7 19. Nxd4 $1 (19. Re1 Qf6 20. Bxf8 Bf5 $1) (19. Bxf8 Qxf8 20.
Nxd4 $11) 19... Ne5 (19... Nxd4 20. Qxd4 f6 21. Bb3+ Kh8 22. Bxf8 Qxf8 23. Rc1
$14) (19... Qh4 20. Bxf8 Nxd4 21. Qe4 Qxe4 22. Bxe4 $14) 20. Bxf8 Kxf8 21. Qg3
$36) 19. Bxf8 Kxf8 (19... Qxf8 20. Qxd4 Bb7 21. Ne5 $36) 20. Qxd4 (20. Nxd4 Nf5
21. Nxf5 Qxd3 (21... Bxf5 22. Qc3 Bxc2 23. Qh8+ $1 Ke7 24. Re1+ Kd7 25. Qd4+
Kc6 26. Qc3+ Kb7 27. Qxc2 $16 {[%csl Rb7]}) 22. Bxd3 Bxf5 23. Bxf5 gxf5 24. Rc1
Rd8 $14 {/=}) 20... Qxd4 21. Nxd4 Bb7 $11 22. Rd1 Rc8 23. Bb3 Nd5 $1 24. h4 Nb6
{[%cal Yb6c4]} 25. Nf3 $6 (25. f3 $11) 25... Bxf3 26. gxf3 Ke7 $15 27. Re1+ Kf6
28. Rd1 Rc6 29. Kg2 h5 30. Rd8 Ke7 31. Rb8 $1 $132 Nd7 32. Rb7 Rd6 33. Ra7 f6
34. a4 Rb6 35. axb5 axb5 36. Bc2 f5 37. Kg3 {[%cal Gg3f4,Gf4g5]} Rd6 38. Rb7
Rd2 39. Bb3 Rxb2 40. Ba4 (40. Rxb5 $11) 40... f4+ 41. Kg2 Kf6 42. Rxb5 Rxb5 43.
Bxb5 1/2-1/2

[Event "RUS-Cup final"]
[Site "Ekaterinburg"]
[Date "1999.??.??"]
[Round "2"]
[White "Kharlov, Andrei"]
[Black "Kharitonov, Aleksandr"]
[Result "1-0"]
[WhiteElo "2600"]
[BlackElo "2258"]
[Annotator "Ftacnik,L"]
[PlyCount "61"]
[EventDate "1999.08.28"]
[EventType "tourn"]
[EventRounds "11"]
[EventCountry "RUS"]
[EventCategory "11"]
[SourceTitle "CBM 075"]
[Source "ChessBase"]
[SourceDate "2000.04.05"]
[SourceVersion "1"]
[SourceVersionDate "2000.04.05"]
[SourceQuality "1"]

1. e4 c5 2. Nf3 e6 3. d4 cxd4 4. Nxd4 Nf6 5. Nc3 d6 6. g4 Nc6 7. g5 Nd7 8. Be3
Nb6 9. f4 d5 10. Bb5 Bd7 11. exd5 exd5 12. Qe2 Be7 (12... Nxd4 $2 13. Bxd4+ Qe7
14. Bxb6 $18) 13. O-O-O O-O 14. Nb3 $5 {Move of many purposes; white attacks
the d5 pawn, opens the diagonal a7-g1 for undermining the only defender of the
central pawn and exploiting the c5 square.} (14. Rhe1 Re8 $14) 14... Be6 (14...
Qe8 15. Nxd5 Nxd5 16. Rxd5 a6 17. Rhd1 $1 (17. Bd3 Be6 $15) 17... axb5 (17...
Be6 18. Bxc6 Qxc6 19. Re5 $16) 18. Rxd7 Rxa2 19. Kb1 $16) 15. Nc5 Bxc5 (15...
Qc8 16. Nxe6 fxe6 17. Qg4 $14) 16. Bxc5 Re8 17. Qf2 Qc8 (17... g6 18. Rhe1 (18.
Ne4 Nd7 19. Nd6 Nxc5 20. Qxc5 Re7 $14) 18... Qc8 19. h4 $16) 18. a3 (18. Bxb6
axb6 {xa2}) 18... Rd8 19. Rhe1 g6 (19... d4 20. Bxd4 Nxd4 21. Rxd4 $16) 20. f5
$1 {[%mdl 128] A poissoned gift for the weakned kingside structure. Black king
sits without help and dark squares are fatally weak.} gxf5 (20... Bxf5 21. Bxb6
axb6 22. Nxd5 $18) 21. Ne2 Nd7 (21... Nc4 22. Nf4 b6 23. Bxc6 Qxc6 24. Bd4 $16)
22. Nf4 Nxc5 (22... a6 23. Bd3 Qc7 24. Nxe6 fxe6 25. Rxe6 Nxc5 26. Qxc5 Qf4+
27. Kb1 $16) 23. Qxc5 a6 (23... Na5 24. Qe7 Nb3+ 25. Kb1 Qc5 26. Qf6 Qxb5 (
26... Rac8 27. cxb3 Qxb5 28. Nh5 $18) 27. Nh5 $18) 24. Bd3 Ne5 25. Qd4 (25. Qe3
$5 Nxd3+ 26. Rxd3 $16) 25... Nxd3+ $2 {Black was in dire straits, but this
simple move leaves him without any compensation for the kingside misery.} (
25... Nf3 $5 26. Qf6 Nxe1 27. Rxe1 Rd6 28. Nh5 (28. g6 hxg6 $1 (28... Qd8 $2
29. gxh7+ Kxh7 30. Bxf5+ Bxf5 31. Qxf5+ $18) 29. Nxg6 fxg6 30. Qxg6+ (30. Rg1
Bf7 31. Qxd6 Kh7 32. h4 Qe6 33. Qf4 Re8) 30... Kf8 31. Qf6+ (31. Bxf5 Bxf5 32.
Qxd6+ Kg8 33. Rg1+ Kf7 34. Qxd5+ Kf6 $13) 31... Ke8 32. Bxf5 Qd8 33. Qg6+ Kd7
34. Bxe6+ Kc7 35. Qg3 $14) 28... Qf8 29. Qe5 Rc6 30. Re3 $40) 26. Rxd3 Qc4 27.
Qe5 $1 d4 (27... Re8 28. Nh5 Kf8 29. Qg7+ Ke7 30. Rc3 Qa2 31. Qd4 $18) 28. Nh5
Kf8 29. Qh8+ Ke7 30. Qf6+ Kf8 (30... Kd7 31. Rxd4+ $18) 31. Nf4 (31. Nf4 Rd6 (
31... Kg8 32. g6 $1 hxg6 33. Rh3 $18) 32. Qh8+ Ke7 33. Qxa8) 1-0

[Event "RUS-Cup final"]
[Site "Ekaterinburg"]
[Date "1999.??.??"]
[Round "6"]
[White "Kharlov, Andrei"]
[Black "Kobalia, Mikhail"]
[Result "1/2-1/2"]
[WhiteElo "2600"]
[BlackElo "2537"]
[Annotator "Huebner,R"]
[PlyCount "147"]
[EventDate "1999.08.28"]
[EventType "tourn"]
[EventRounds "11"]
[EventCountry "RUS"]
[EventCategory "11"]
[SourceTitle "CBM 075"]
[Source "ChessBase"]
[SourceDate "2000.04.05"]
[SourceVersion "1"]
[SourceVersionDate "2000.04.05"]
[SourceQuality "1"]

1. d4 d5 2. c4 c6 3. Nc3 Nf6 4. e3 a6 5. Nf3 b5 6. cxd5 cxd5 7. Ne5 e6 8. Bd3
Bb7 9. O-O Bd6 10. f4 Nbd7 11. Bd2 Ne4 12. Be1 O-O 13. Qf3 Ndf6 {Bisher wurde
hier ausschließlich} (13... f5 {versucht, doch kommt Weiß mit dem Vorstoß
g2-g4 zu einer gefährlichen Initiative; es folgen Beispiele aus der Praxis.}
14. g4 (14. Ne2 Rc8 15. g4 (15. Kh1 Ndf6 16. Rg1 b4 17. h3 Rc7 18. Bh4 Ng4 19.
Be1 Ngf6 20. Bh4 {1/2-1/2 Kaiser,D-Cruz Lopez Claret,C/Eger 1994/EXT 97 (20)})
15... Bxe5 16. fxe5 Qg5 17. h4 Qxg4+ 18. Qxg4 fxg4 19. Nf4 Rfe8 20. Be2 g3 21.
Bd3 Nf8 22. Kg2 Re7 23. Bb4 Rf7 24. Bxf8 Rcxf8 25. Bxe4 dxe4 26. Kxg3 Bd5 27.
Rfc1 g6 28. Rc5 h6 29. Kg4 Rf5 30. b3 h5+ 31. Kg3 g5 32. hxg5 Rxg5+ 33. Kh2 Kh7
34. Rg1 Kh6 35. Rxg5 Kxg5 36. Rxd5 {1-0 Douven,R-Cuijpers,F/Hilversum 1988/EXT
97 (36)}) 14... Bxe5 15. fxe5 Qg5 16. h4 Qxg4+ 17. Qxg4 fxg4 18. Ne2 Rf3 19.
Rxf3 gxf3 20. Nf4 Kf7 21. Rc1 Rc8 22. Rxc8 Bxc8 23. Bc2 h6 24. h5 Nf8 25. Bd1
Ng5 26. Bh4 g6 27. hxg6+ Nxg6 28. Bxg5 hxg5 29. Nxg6 Kxg6 30. Bxf3 Kf5 31. Kf2
b4 32. Kg3 g4 33. e4+ dxe4 34. Bxg4+ Kg5 35. d5 e3 36. Bxe6 Bb7 37. d6 {
1-0 Dorfman,J-Popov,N/Cheliabinsk 1975/MCD (37)}) 14. Ne2 ({Die Fortsetzung} 
14. Bh4 b4 15. Ne2 a5 {bringt dem Weißen nichts Besonderes ein.}) 14... Ne8 15.
Qh3 Be7 16. Rc1 N8d6 17. Bb4 Nf5 18. Bxe7 Qxe7 19. g4 Nfd6 20. Bb1 (20. Ng3 {
kommt in Betracht.}) 20... f6 21. Nd3 Nc4 22. Rfd1 Rac8 23. Rc2 h6 24. Nec1 {
Weiß operiert einigermaßen seltsam. Ich verzichte auf konkrete
Verbesserungsvorschläge.} e5 25. Nb3 exf4 26. exf4 Rce8 27. Re1 f5 28. gxf5 Bc8
29. Rg2 Qf6 30. Ne5 Bxf5 31. Qh5 Qd6 32. Nc5 Nxe5 33. fxe5 Rxe5 34. Rf1 $2 ({
Die Fortsetzung} 34. Nxe4 Qb6 ({Nach} 34... Rxe4 35. Bxe4 Bxe4 36. Rf2 Rxf2 37.
Kxf2 {hat Weiß gute Rettungsaussichten, siehe unten 34.Le4:.}) 35. Nf6+ Rxf6
36. Rd1 g6 37. Kh1 Bxb1 38. Qxe5 (38. dxe5 Be4 {ist nicht günstiger für Weiß.})
38... Be4 {gibt dem Nachziehenden gute Gewinnchancen.}) (34. Bxe4 Rxe4 35. Nxe4
Bxe4 36. Rf2 Rxf2 37. Kxf2 {hätte von Weiß versucht werden sollen:} Qf4+ 38.
Kg1 Bf3 (38... Qd2 39. Qe8+ Kh7 40. Rxe4 {führt zu Remis.}) 39. Qe5 Qg4+ 40.
Qg3 Qxd4+ 41. Qf2 {, und der Vorteil des Schwarzen ist gering.}) 34... Ng5 $2 (
{Die Fortsetzung} 34... Bh3 {dürfte zum Sieg führen:} 35. Qxe5 (35. Qxh3 Rxf1+
36. Kxf1 Qf8+ 37. Ke1 ({Nicht besser ist} 37. Kg1 Ng5 38. Qg3 Nh3+ 39. Kh1 Qf1+
40. Rg1 Nxg1 {, und Schwarz gewinnt.}) 37... Ng5+ 38. dxe5 Nxh3 {Weiß erhält
keine Kompensation für seinen Materialverlust.}) (35. Rxf8+ Qxf8 36. Qxe5 (36.
Qxh3 Ng5 {führt zur ersten Klammeranmerkung in Abspiel a.}) 36... Bxg2 37. Kxg2
Qf2+ 38. Kh3 Qf3+ {mit Damengewinn.}) 35... Rxf1+ 36. Kxf1 Qxe5 37. dxe5 Nxc5
38. Kf2 Bxg2 39. Kxg2 Kf7 {Die Rettungsaussichten des Weißen sind gering.}) 35.
Rgf2 g6 $6 {Danach kommt Schwarz in Verlustgefahr. Zum Ausgleich genügte die
Folge} (35... Bxb1 36. Rxf8+ Kh7 {, zum Beispiel:} 37. b4 (37. dxe5 $2 {
ist schwach:} Qxc5+ 38. R8f2 (38. R1f2 Qc1+ 39. Rf1 Qe3+ 40. R1f2 Nh3+ {
ist sofort verderblich für Weiß.}) 38... Be4 39. Ra1 (39. Re1 Nf3+ 40. Kf1 Qc4+
41. Rfe2 Nxe1 42. Kxe1 Qc1+ 43. Kf2 Qf4+ 44. Ke1 Bf3 {, und Schwarz gewinnt.})
39... Qe3 40. Kf1 Bd3+ 41. Kg2 Qe4+ 42. Kg3 (42. Kg1 {scheitert an} g6) 42...
Qxe5+ 43. Kg2 Qe4+ 44. Kg3 Qe3+ 45. Kg2 Be4+ 46. Kf1 Nh3 {Es ist fraglich, ob
Weiß überleben kann.}) (37. Nd7 Re3 38. Rxb1 Qxd7 {mit guten
Angriffsaussichten für Schwarz.}) (37. Ra8 Rf5 38. Rxf5 Bxf5 39. Qe8 Qf4 40.
Qg8+ Kg6 41. Qe8+ ({Nach} 41. Rxa6+ Kh5 {erhält Schwarz entscheidenden Angriff.
}) 41... Kh7 42. Qg8+ {mit remis durch Dauerschach.}) 37... Re3 38. Qg4 Qg6 {
mit zweischneidigem Spiel und etwa gleichen Aussichten.}) 36. Qxh6 Nh3+ 37.
Qxh3 Bxh3 38. Rxf8+ Kg7 39. R1f7+ Kh6 40. Rh8+ Kg5 41. Rxh3 Re1+ 42. Rf1 Rxf1+
43. Kxf1 Qf4+ 44. Ke2 Qc1 45. Bd3 Qxb2+ 46. Kf3 Kf6 47. Rh4 g5 48. Rh6+ Kf7 49.
Rxa6 Qxh2 (49... Qxd4 {kostet die Dame:} 50. Bg6+ Ke7 (50... Kg8 51. Ra8+ Kg7
52. Ne6+) 51. Re6+ Kf8 (51... Kd8 52. Re8+ Kc7 53. Ne6+) 52. Re8+ Kg7 53. Ne6+)
50. Ra7+ ({Die Fortsetzung} 50. Bxb5 Qf4+ 51. Ke2 Qxd4 52. Nd3 Qe4+ 53. Kd2 g4
{bietet dem Weißen kaum bessere Gewinnaussichten. Der Bauer auf d4 läßt sich
nicht halten, und darum ist das Endspiel für Weiß nicht zu gewinnen.}) 50...
Kf6 51. Nd7+ Ke6 52. Nf8+ Kd6 53. Ra6+ Ke7 54. Ng6+ Kd8 55. Ne5 Qh3+ 56. Ke2
Qh2+ 57. Kd1 Kc7 58. Bxb5 Qg1+ 59. Kc2 Qxd4 60. Rc6+ Kd8 61. Nd3 g4 62. a4 g3
63. Rg6 Qh4 64. Rg8+ Ke7 65. Re8+ Kd6 66. Re2 Qg4 67. Ne1 Kc5 68. Ng2 Qf3 69.
Rd2 d4 70. Kc1 Kb6 71. Ne1 Qa3+ 72. Kd1 Qb3+ 73. Ke2 Qe3+ 74. Kd1 1/2-1/2